[Event "Pan-Armenian ol"]
[Site "Yerevan"]
[Date "2010.08.20"]
[Round "6"]
[White "Seferjan, Narek"]
[Black "Hairapetian, Anna"]
[Result "1-0"]
[WhiteElo "2441"]
[BlackElo "2213"]
[PlyCount "59"]
[EventDate "2010.08.15"]
[EventType "swiss"]
[EventRounds "9"]
[EventCountry "ARM"]
[SourceTitle "CBM 138 Extra"]
[Source "ChessBase"]
[SourceDate "2010.10.29"]
[SourceVersion "1"]
[SourceVersionDate "2010.10.29"]
[SourceQuality "1"]

1. e4 c5 2. c3 Nf6 3. e5 Nd5 4. Nf3 Nc6 5. d4 cxd4 6. Bc4 Nb6 7. Bb3 d5 8. exd6 Qxd6 9. Na3 a6 10. 0-0 e6 11. Nxd4 Nxd4 12. cxd4 Be7 13. Qf3 0-0 14. Rd1 Qc6 15. Qh5 Nd5 16. Nc4 Nf6 17. Qa5 b5 18. Ne5 Qd6 19. Bf4 Nd5 20. Bg3 f5 21. f3 f4 22. Bf2 Bb7 23. Rac1 Rac8 24. Qd2 Qb4 25. Qd3 Rxc1 26. Rxc1 Rd8 27. Nc6 Bxc6 28. Rxc6 Kh8 29. Rxe6 Bf8 30. Be1 1-0

[Event "Pan-Armenian ol"]
[Site "Yerevan"]
[Date "2010.08.17"]
[Round "3"]
[White "Mekhitarian, Krikor Sevag"]
[Black "Seferjan, Narek"]
[Result "1-0"]
[WhiteElo "2511"]
[BlackElo "2441"]
[PlyCount "81"]
[EventDate "2010.08.15"]
[EventType "swiss"]
[EventRounds "9"]
[EventCountry "ARM"]
[SourceTitle "CBM 138 Extra"]
[Source "ChessBase"]
[SourceDate "2010.10.29"]
[SourceVersion "1"]
[SourceVersionDate "2010.10.29"]
[SourceQuality "1"]

1. e4 e6 2. d4 d5 3. Nc3 Nc6 4. Nf3 Nf6 5. e5 Ne4 6. Ne2 f6 7. Ng3 fxe5 8. Bb5 Nxg3 9. hxg3 Bd7 10. Bxc6 Bxc6 11. Nxe5 Rg8 12. Qh5+ g6 13. Qf3 Rg7 14. Bh6 Qe7 15. Bxg7 Qxg7 16. Qg4 Bd7 17. 0-0-0 0-0-0 18. Rd3 Bd6 19. Re3 Re8 20. Rhe1 Bxe5 21. Rxe5 Qf6 22. f3 h5 23. Qg5 Rf8 24. Qxf6 Rxf6 25. Kd2 c6 26. b3 Kc7 27. c4 b6 28. c5 b5 29. Rh1 Kd8 30. Rh4 Ke7 31. g4 hxg4 32. Rxg4 Kf7 33. Ke3 Kg7 34. Rf4 a5 35. a3 Rf7 36. Rxf7+ Kxf7 37. Kf4 Kf6 38. g4 b4 39. axb4 axb4 40. g5+ Ke7 41. Re1 1-0

[Event "Pan-Armenian ol"]
[Site "Yerevan"]
[Date "2010.08.16"]
[Round "2"]
[White "Seferjan, Narek"]
[Black "Petrosian, Davit Gevorgi"]
[Result "1/2-1/2"]
[WhiteElo "2441"]
[BlackElo "2492"]
[PlyCount "30"]
[EventDate "2010.08.15"]
[EventType "swiss"]
[EventRounds "9"]
[EventCountry "ARM"]
[SourceTitle "CBM 138 Extra"]
[Source "ChessBase"]
[SourceDate "2010.10.29"]
[SourceVersion "1"]
[SourceVersionDate "2010.10.29"]
[SourceQuality "1"]

1. e4 c5 2. c3 d6 3. d4 Nf6 4. dxc5 Nc6 5. Bc4 dxc5 6. Qxd8+ Nxd8 7. e5 Ng4 8. f4 h5 9. Nf3 Bf5 10. Bb5+ Nc6 11. h3 Nh6 12. Be3 e6 13. Nbd2 0-0-0 14. 0-0-0 Na5 15. Nc4 Nxc4 1/2-1/2

[Event "Pan-Armenian ol"]
[Site "Yerevan"]
[Date "2010.08.15"]
[Round "1"]
[White "Balaian, Alina"]
[Black "Seferjan, Narek"]
[Result "0-1"]
[WhiteElo "2161"]
[BlackElo "2441"]
[PlyCount "90"]
[EventDate "2010.08.15"]
[EventType "swiss"]
[EventRounds "9"]
[EventCountry "ARM"]
[SourceTitle "CBM 138 Extra"]
[Source "ChessBase"]
[SourceDate "2010.10.29"]
[SourceVersion "1"]
[SourceVersionDate "2010.10.29"]
[SourceQuality "1"]

1. e4 e6 2. d4 d5 3. Nc3 Nc6 4. Nf3 Nf6 5. e5 Ne4 6. Be2 f6 7. exf6 Nxf6 8. Bg5 Bd6 9. 0-0 0-0 10. a3 Bd7 11. Bd3 Qe8 12. Nb5 Qh5 13. Nxd6 cxd6 14. Be2 Ne4 15. Be3 Qf7 16. Qd3 Ne7 17. b4 Rac8 18. Qb3 Rc3 19. Qb2 Rfc8 20. Bd3 Ba4 21. Rac1 Nf5 22. b5 Qc7 23. Ne1 Qa5 24. Ra1 Nxe3 25. fxe3 Nd2 26. Rf2 Nc4 27. Qb4 Qxb4 28. axb4 Bxb5 29. Rxa7 Rb8 30. Nf3 h6 31. Nh4 g5 32. Ng6 Kg7 33. Ne7 Be8 34. e4 Nb2 35. exd5 Nxd3 36. cxd3 Rc1+ 37. Rf1 Rxf1+ 38. Kxf1 Kf8 39. dxe6 Kxe7 40. d5 Kf6 41. Ra5 Ke5 42. Ke2 b5 43. Ra7 Kxd5 44. Rh7 h5 45. e7 Ke6 0-1

[Event "Moscow"]
[Site "Moscow"]
[Date "2002.??.??"]
[Round "8"]
[White "Seferjan, Narek"]
[Black "Prosviriakov, Vladimir"]
[Result "1-0"]
[WhiteElo "2511"]
[BlackElo "2347"]
[PlyCount "97"]
[EventDate "2002.11.??"]
[EventType "tourn"]
[EventRounds "14"]
[EventCountry "RUS"]
[EventCategory "7"]
[SourceTitle "EXT 2004"]
[Source "ChessBase"]
[SourceDate "2003.11.25"]
[SourceVersion "1"]
[SourceVersionDate "2003.11.25"]
[SourceQuality "1"]

1. e4 e5 2. Nf3 Nc6 3. Bb5 a6 4. Ba4 Nf6 5. 0-0 Be7 6. Re1 b5 7. Bb3 0-0 8. h3 d6 9. c3 Na5 10. Bc2 c5 11. d4 Qc7 12. Nbd2 cxd4 13. cxd4 Bb7 14. Nf1 Rac8 15. Re2 Nh5 16. g3 f5 17. d5 fxe4 18. Bxe4 Qd7 19. Qd3 Qxh3 20. Bxh7+ Kh8 21. Be4 Rc7 22. Ne3 Bc8 23. Ng2 Bg4 24. Nfh4 Bxh4 25. Nxh4 Nxg3 26. Ng6+ Kg8 27. Re1 Rxf2 28. Kxf2 Rf7+ 29. Bf4 Nxe4+ 30. Qxe4 Bf5 31. Qg2 Qh5 32. Nxe5 dxe5 33. Rxe5 Qh4+ 34. Qg3 Qf6 35. Kg1 Rf8 36. Rae1 Nc4 37. R5e2 Qd4+ 38. Kh2 Bd3 39. Rf2 Qxd5 40. b3 Rf5 41. Re8+ Kh7 42. Kg1 Rh5 43. Qf3 Qf5 44. bxc4 Bxc4 45. Re5 Qg6+ 46. Qg2 Qb1+ 47. Rf1 Bxf1 48. Rxh5+ Kg8 49. Qd5+ 1-0

[Event "Narciso Yepes op"]
[Site "Lorca"]
[Date "2001.06.29"]
[Round "8"]
[White "Dolezal, Cristian"]
[Black "Seferjan, Narek"]
[Result "1-0"]
[WhiteElo "2392"]
[BlackElo "2529"]
[PlyCount "75"]
[EventDate "2001.06.25"]
[EventType "swiss"]
[EventRounds "9"]
[EventCountry "ESP"]
[SourceTitle "EXT 2002"]
[Source "ChessBase"]
[SourceDate "2001.11.25"]
[SourceVersion "1"]
[SourceVersionDate "2001.11.25"]
[SourceQuality "1"]

1. e4 e6 2. d4 d5 3. e5 c5 4. dxc5 Nc6 5. Nf3 Bxc5 6. Bd3 Qc7 7. Qe2 Nge7 8. Bf4 Ng6 9. Bg3 Nd4 10. Nxd4 Bxd4 11. c3 Bb6 12. h4 h5 13. Nd2 Ne7 14. 0-0 Qd8 15. Rad1 Bd7 16. c4 Bc6 17. b4 a6 18. cxd5 Nxd5 19. Ne4 Bc7 20. Bc4 Qd7 21. Rd2 Bb5 22. Rc1 Rc8 23. Rxd5 exd5 24. Bxb5 axb5 25. Nd6+ Bxd6 26. Rxc8+ Qxc8 27. exd6+ Qe6 28. Qxb5+ Qd7 29. Qxd5 Rh6 30. a4 Re6 31. Qxh5 Qxa4 32. Qh8+ Kd7 33. Qxg7 Qd1+ 34. Kh2 Qh5 35. Qc3 Rxd6 36. Bxd6 Qxh4+ 37. Qh3+ Qxh3+ 38. gxh3 1-0

[Event "Pripis Memorial"]
[Site "Moscow"]
[Date "1997.??.??"]
[Round "5"]
[White "Baikov, Vladimir A"]
[Black "Seferjan, Narek"]
[Result "1-0"]
[WhiteElo "2455"]
[BlackElo "2275"]
[PlyCount "75"]
[EventDate "1997.??.??"]
[EventType "tourn"]
[EventRounds "10"]
[EventCountry "RUS"]
[SourceTitle "EXT 2000"]
[Source "ChessBase"]
[SourceDate "1999.11.16"]
[SourceVersion "1"]
[SourceVersionDate "1999.11.16"]
[SourceQuality "1"]

1. d4 e6 2. c4 Nf6 3. Nf3 Bb4+ 4. Bd2 c5 5. Bxb4 cxb4 6. g3 b6 7. Bg2 Bb7 8. 0-0 0-0 9. Qd3 d6 10. Nbd2 Nbd7 11. e4 Qc7 12. Rfd1 Rac8 13. Ne1 e5 14. b3 a5 15. Nc2 Rfe8 16. Ne3 exd4 17. Qxd4 Nc5 18. Nf5 Rcd8 19. f3 Ne6 20. Qf2 g6 21. Nd4 Qc5 22. Nf1 Ba6 23. Rd2 Nxd4 24. Qxd4 b5 25. cxb5 Bxb5 26. Rad1 Rc8 27. Ne3 Kg7 28. Kf2 Rc6 29. g4 h6 30. h4 Qe5 31. Qxe5 dxe5 32. Bf1 Bxf1 33. Rxf1 a4 34. Nc4 Rc5 35. Rfd1 axb3 36. axb3 Ra8 37. Kg3 Ra6 38. h5 1-0

[Event "Pripis Memorial"]
[Site "Moscow"]
[Date "1997.??.??"]
[Round "3"]
[White "Panush, Viktor"]
[Black "Seferjan, Narek"]
[Result "1/2-1/2"]
[WhiteElo "2170"]
[BlackElo "2275"]
[PlyCount "44"]
[EventDate "1997.??.??"]
[EventType "tourn"]
[EventRounds "10"]
[EventCountry "RUS"]
[SourceTitle "EXT 2000"]
[Source "ChessBase"]
[SourceDate "1999.11.16"]
[SourceVersion "1"]
[SourceVersionDate "1999.11.16"]
[SourceQuality "1"]

1. d4 e6 2. c4 Nf6 3. Nf3 Bb4+ 4. Nbd2 d5 5. a3 Be7 6. Qc2 Nbd7 7. e3 0-0 8. Bd3 c5 9. 0-0 Qc7 10. cxd5 exd5 11. dxc5 Qxc5 12. Qb1 Qc7 13. b4 Ne5 14. Bb2 Nxd3 15. Qxd3 Qd7 16. Nd4 Qg4 17. Rac1 Qg6 18. Qxg6 hxg6 19. N2b3 Ne4 20. Nb5 Rd8 21. Rfd1 Bf6 22. Bd4 Bd7 1/2-1/2

[Event "Pripis Memorial"]
[Site "Moscow"]
[Date "1997.??.??"]
[Round "7"]
[White "Yuferov, Sergey N"]
[Black "Seferjan, Narek"]
[Result "1-0"]
[WhiteElo "2405"]
[BlackElo "2275"]
[PlyCount "87"]
[EventDate "1997.??.??"]
[EventType "tourn"]
[EventRounds "10"]
[EventCountry "RUS"]
[SourceTitle "EXT 2000"]
[Source "ChessBase"]
[SourceDate "1999.11.16"]
[SourceVersion "1"]
[SourceVersionDate "1999.11.16"]
[SourceQuality "1"]

1. Nf3 Nf6 2. e3 e6 3. b3 b6 4. Bb2 Bb7 5. Be2 Be7 6. 0-0 0-0 7. c4 c5 8. Nc3 d6 9. d4 Nbd7 10. d5 exd5 11. cxd5 a6 12. a4 Ne8 13. e4 Nc7 14. Qc2 Bf6 15. Kh1 Ne5 16. Nd2 Bc8 17. h3 Rb8 18. f4 Ng6 19. Bd3 b5 20. a5 Bd7 21. Rae1 b4 22. Nd1 Bxb2 23. Nxb2 Qh4 24. f5 Ne5 25. Nbc4 Nxc4 26. Nxc4 Nb5 27. Re3 f6 28. Qd1 Be8 29. Kh2 Rd8 30. Rg3 Qh5 31. Qe1 Nd4 32. Rf4 Bb5 33. Rfg4 Rf7 34. Qe3 Re7 35. Qf4 Bxc4 36. Bxc4 Ra7 37. Rh4 Qf7 38. Qh6 Kf8 39. Qxh7 Qg8 40. Qg6 Re8 41. Rh7 Rxe4 42. Qh5 Qf7 43. Rh8+ Ke7 44. Rxg7 1-0

[Event "American op"]
[Site "Los Angeles"]
[Date "1995.??.??"]
[Round "6"]
[White "Ekstroem, Roland"]
[Black "Seferjan, Narek"]
[Result "1-0"]
[WhiteElo "2430"]
[BlackElo "2310"]
[PlyCount "85"]
[EventDate "1995.11.23"]
[EventType "swiss"]
[EventRounds "8"]
[EventCountry "USA"]
[SourceTitle "EXT 1998"]
[Source "ChessBase"]
[SourceDate "1997.11.17"]
[SourceVersion "1"]
[SourceVersionDate "1997.11.17"]
[SourceQuality "1"]

1. e4 e6 2. d4 d5 3. Nc3 Bb4 4. a3 Bxc3+ 5. bxc3 c5 6. exd5 Qxd5 7. Qg4 Kf8 8. Nf3 Nf6 9. Qf4 Qe4+ 10. Be2 Qxf4 11. Bxf4 cxd4 12. cxd4 Ke7 13. 0-0 b6 14. c4 Nbd7 15. a4 Ba6 16. Rfc1 Rhc8 17. a5 h6 18. h3 g5 19. Bd2 Ne8 20. Bb4+ Kf6 21. Ne5 Nxe5 22. dxe5+ Kg7 23. axb6 axb6 24. Bf3 Ra7 25. Rc3 Rcc7 26. Rca3 Rxc4 27. Bd6 Nxd6 28. exd6 Rd4 29. Rxa6 Rxa6 30. Rxa6 Rxd6 31. Bh5 f5 32. Ra7+ Kf6 33. Rh7 b5 34. Rb7 Rd5 35. Be2 Rd2 36. Bxb5 h5 37. Be8 h4 38. Rh7 Rd1+ 39. Kh2 Rd2 40. f3 Ke5 41. Rh6 Kf4 42. Rxe6 g4 43. hxg4 1-0

[Event "Moscow B"]
[Site "Moscow"]
[Date "1994.??.??"]
[Round "8"]
[White "Seferjan, Narek"]
[Black "Matros, Alexander"]
[Result "1/2-1/2"]
[WhiteElo "2350"]
[BlackElo "2400"]
[PlyCount "107"]
[EventDate "1994.??.??"]
[EventType "tourn"]
[EventRounds "11"]
[EventCountry "RUS"]
[EventCategory "7"]
[SourceTitle "CBM 041"]
[Source "ChessBase"]
[SourceDate "1994.08.01"]
[SourceVersion "1"]
[SourceVersionDate "1994.08.01"]
[SourceQuality "1"]

1. e4 c6 2. c4 d5 3. exd5 cxd5 4. cxd5 Nf6 5. Nc3 Nxd5 6. d4 Nc6 7. Nf3 Bg4 8. Qb3 Bxf3 9. gxf3 Nb6 10. Be3 e6 11. d5 exd5 12. 0-0-0 Bb4 13. Nxd5 Nxd5 14. Bc4 0-0 15. Bxd5 Qf6 16. Kb1 Bd6 17. h4 Be5 18. Bg5 Qf5+ 19. Be4 Qe6 20. Qxe6 fxe6 21. Rd7 h6 22. Be3 Rab8 23. Rhd1 Bf6 24. h5 Rfd8 25. b3 Rxd7 26. Rxd7 Kf8 27. f4 a5 28. Bc5+ Kg8 29. Bb6 Kf8 30. f3 Kg8 31. f5 exf5 32. Bxf5 Ne5 33. Rd1 Nxf3 34. Bg4 Ne5 35. Be6+ Kh8 36. Bxa5 Re8 37. Bf5 Nc6 38. Re1 Rf8 39. Bb6 Bd4 40. Bxd4 Rxf5 41. Bc3 Rxh5 42. a4 Kh7 43. Rd1 Rh3 44. Kb2 Re3 45. b4 h5 46. Rd5 Kg6 47. b5 Ne7 48. Rd6+ Kf5 49. a5 Re6 50. Rxe6 Kxe6 51. a6 bxa6 52. bxa6 Nc8 53. Bxg7 Kd5 54. Kc3 1/2-1/2